Προσανατολισμοί
Αποθηκεύτηκε σε:
| Κύριος συγγραφέας: | |
|---|---|
| Μορφή: | Βιβλίο |
| Γλώσσα: | Greek |
| Δημοσίευση: |
Αθήνα :
Γαλαξίας,
1961.
|
| Σειρά: | Βιβλιοθήκη Ελλήνων και ξένων συγγραφέων ;
26 |
| Θέματα: | |
| Ετικέτες: |
Προσθήκη ετικέτας
Δεν υπάρχουν, Καταχωρήστε ετικέτα πρώτοι!
|
MARC
| LEADER | 00000cam a2200000 i 4500 | ||
|---|---|---|---|
| 001 | 1/48365 | ||
| 008 | 980708s1961 gr | ||| |||| ||gre|| | ||
| 035 | |l 10043316 | ||
| 040 | |a GR-MyUA |b gre |e AACR2 | ||
| 041 | 0 | |a gre | |
| 082 | 0 | |a 889.1 | |
| 100 | 1 | |a Ελύτης, Οδυσσέας, |d 1911-1996. | |
| 245 | 1 | 0 | |a Προσανατολισμοί / |c Οδυσσέα Ελύτη. |
| 260 | |a Αθήνα : |b Γαλαξίας, |c 1961. | ||
| 300 | |a 129 σ. ; |c 19 εκ. | ||
| 490 | 1 | |a (Βιβλιοθήκη Ελλήνων και ξένων συγγραφέων |v ; 26) | |
| 650 | 0 | 0 | |a Greek poetry. |
| 830 | 0 | |a Βιβλιοθήκη Ελλήνων και ξένων συγγραφέων ; |v 26 | |
| 852 | |a INST |b SAMOS |e 19980708 |h 889.1 ΕΛΥ |p 005300011000 |q 005300011000 |t BK |y 0 | ||
| 901 | |a BIBL-1998-2 | ||
| 909 | |a Σ |b 051295 | ||
| 922 | |a 3ΕΛΗ |b 199709 |c ΔΩΡ |d ΠΑΡΙΑΝΟΣ | ||